00489nam a22001697a 450000500170000001000130001702000210003003500120005103700160006308200080007910000300008724500460011724600400016326000380020327000560024130000220029720230912162708.0 aUR-12233 c300.00a25823612 aU-10788 bDBAD/PUBa- a841 aظفر ، سیّد آل aساغر ادب /cسیّد آل ظفر aSagar-E-Adab /bby Syyed Aali Adab  aBiharbSyed Alay Zafarc2022 ء  aB.R.A. Bihar University, MuzaffarpurbBihare842001 a400 صc20cm(pbk)